Die tolle Lola : Regiebuch /

Hlavní autor: Rebner, Arthur, 1890-1949
Další autoři: Kadelburg, Gustav, 1851-1925, Hirsch, Hugo
Jazyk: Němčina
Vydáno: Berlin : Drei Masken-Verlag, 1922
Fyzický popis: 56 s.
Knihy
Uloženo v:
LEADER 00764nam a22002292a 4500
001 001412430
003 CZ BrMZK
005 20141017111557.0
007 ta
008 140818s1922 gw er|||||||||||ger d
040 |a BOA001  |b cze 
100 1 |a Rebner, Arthur,  |d 1890-1949  |7 mzk2010585270  |4 aut 
245 1 4 |a Die tolle Lola :  |b Regiebuch /  |c Operette in 3 Akten nach Gustav Kadelburg von Artur Rebner ; Musik von Hugo Hirsch 
260 |a Berlin :  |b Drei Masken-Verlag,  |c 1922 
300 |a 56 s. 
700 1 |a Kadelburg, Gustav,  |d 1851-1925  |7 jo20010082266  |4 aut 
700 1 |a Hirsch, Hugo  |4 cmp 
910 |a BOA001  |b 2-0420.268 
990 |a BK 
993 |a Y 
991 |b 201408 
996 7 |b 2619119937  |c 2-0420.268  |l MZK  |r Sklad / do 24 hodin  |n 0  |w 001447669  |u 000010  |a 1  |e BOA001  |j MZK50  |s A